[Event "Eric Lawson ben."]
[Site "Montreal CAN"]
[Date "2002.12.21"]
[Round "2"]
[White "Dufour, Patrick"]
[Black "Belanger, Martin"]
[Result "1-0"]
[WhiteElo "1152"]
[BlackElo "1361"]
[PlyCount "105"]
[EventDate "2002.12.20"]
[EventType "swiss"]
[EventRounds "4"]
[EventCountry "CAN"]

1. d4 d5 2. e3 Nf6 3. Bd3 Nc6 4. c3 e5 5. Nd2 e4 6. Be2 Bd6 7. c4 dxc4 8. Bxc4
Qe7 9. f3 exf3 10. Ndxf3 Bg4 11. Qd3 O-O 12. Bd2 Nb4 13. Qb3 Ne4 14. a3 Nxd2
15. Nxd2 Nc6 16. Ne2 Bxe2 17. Bxe2 Qh4+ 18. Kd1 b6 19. Qd5 Ne7 20. Qh5 Qxh5 21.
Bxh5 Nf5 22. Nc4 b5 23. Nxd6 cxd6 24. Kd2 Rae8 25. Rhe1 Re7 26. Re2 Rfe8 27.
Rae1 a5 28. Kd3 g6 29. Bf3 Ng7 30. Bc6 Rb8 31. b4 axb4 32. axb4 Rc7 33. Rc2 Rb6
34. Bf3 Rxc2 35. Kxc2 Ne6 36. Ra1 Ng5 37. Be2 Ne4 38. Ra5 Rc6+ 39. Kb2 Rc3 40.
Ra3 Rc8 41. Bxb5 Rb8 42. Ra5 f5 43. Bc4+ Kg7 44. b5 h5 45. Bd5 Nf6 46. Ra7+ Kh6
47. Rb7 Re8 48. Bf3 Rxe3 49. Rf7 Nh7 50. b6 Re8 51. b7 Rb8 52. Rc7 Nf6 53. Bc6
1-0

[Event "Eric Lawson ben."]
[Site "Montreal CAN"]
[Date "2002.12.21"]
[Round "2"]
[White "Gauthier, Denis"]
[Black "Krayushkin, Victor"]
[Result "1/2-1/2"]
[WhiteElo "2043"]
[BlackElo "2109"]
[PlyCount "94"]
[EventDate "2002.12.20"]
[EventType "swiss"]
[EventRounds "4"]
[EventCountry "CAN"]

1. d4 Nf6 2. c4 g6 3. Nc3 d5 4. cxd5 Nxd5 5. e4 Nxc3 6. bxc3 Bg7 7. Bc4 c5 8.
Ne2 Nc6 9. Be3 cxd4 10. cxd4 O-O 11. O-O Bg4 12. f3 Na5 13. Bd5 Bd7 14. Rb1 a6
15. Bxb7 Ra7 16. Bd5 Bb5 17. a4 Bxe2 18. Qxe2 e6 19. Bc4 Bxd4 20. Rfd1 Bxe3+
21. Qxe3 Rd7 22. Be2 Rxd1+ 23. Rxd1 Qc8 24. Rc1 Qb7 25. Qc3 Qb6+ 26. Qc5 Qb2
27. Rc2 Qa1+ 28. Kf2 Qxa4 29. Bxa6 Rd8 30. Bb5 Qa1 31. Qc3 Qxc3 32. Rxc3 Rb8
33. Bd3 Kg7 34. e5 Rb3 35. Rxb3 Nxb3 36. f4 Nc5 37. Bc2 h6 38. Ke3 g5 39. g3
gxf4+ 40. gxf4 f6 41. Kd4 Nd7 42. Ba4 fxe5+ 43. fxe5 Nxe5 44. Kxe5 h5 45. h4
Kh8 46. Be8 Kg7 47. Bxh5 Kh8 1/2-1/2

[Event "Eric Lawson ben."]
[Site "Montreal CAN"]
[Date "2002.12.21"]
[Round "2"]
[White "Laframboise, Marc-Andre"]
[Black "English, Michel"]
[Result "1-0"]
[WhiteElo "2110"]
[BlackElo "1628"]
[PlyCount "61"]
[EventDate "2002.12.20"]
[EventType "swiss"]
[EventRounds "4"]
[EventCountry "CAN"]

1. d4 Nf6 2. c4 e6 3. Nc3 d5 4. cxd5 exd5 5. Bg5 Be7 6. Qc2 O-O 7. e3 c6 8. Bd3
h6 9. Bh4 Nbd7 10. Nge2 Re8 11. O-O-O b5 12. Bxf6 Nxf6 13. Nf4 a5 14. Nce2 Ba6
15. Kb1 Qb6 16. Rc1 Rec8 17. Bf5 Rc7 18. g4 b4 19. h4 b3 20. axb3 Rb8 21. g5
Ne4 22. gxh6 Qxb3 23. f3 Qxc2+ 24. Rxc2 Nd6 25. Ng3 Nc4 26. Rg1 Na3+ 27. Kc1
Nxc2 28. Bxc2 Rcb7 29. Nf5 Ba3 30. hxg7 Rxb2 31. Nh6# 1-0

[Event "Eric Lawson ben."]
[Site "Montreal CAN"]
[Date "2002.12.21"]
[Round "2"]
[White "Lawson, Jonathan"]
[Black "Lefebvre, Gabriel"]
[Result "1/2-1/2"]
[WhiteElo "1741"]
[BlackElo "1407"]
[PlyCount "104"]
[EventDate "2002.12.20"]
[EventType "swiss"]
[EventRounds "4"]
[EventCountry "CAN"]

1. e4 c5 2. c3 Nf6 3. e5 Nd5 4. d4 cxd4 5. Nf3 e6 6. cxd4 Nc6 7. Nc3 Qa5 8. Bd2
Nxc3 9. bxc3 d6 10. c4 Qc7 11. exd6 Bxd6 12. Bd3 b6 13. O-O Ba6 14. Qe2 Rd8 15.
Bc3 Na5 16. Bxa5 bxa5 17. c5 Bxd3 18. Qxd3 Be7 19. Qb5+ Rd7 20. Ne5 Bf6 21.
Nxd7 Qxd7 22. Qb8+ Bd8 23. d5 O-O 24. dxe6 fxe6 25. Qd6 Qf7 26. Rae1 Be7 27.
Qc6 Qf5 28. Re3 Bxc5 29. Rf3 Qd5 30. Rxf8+ Kxf8 31. Qc8+ Kf7 32. Qc7+ Kg6 33.
Rc1 Bb6 34. Qc2+ Kf6 35. Rd1 Qe5 36. Qxh7 Qe2 37. Qh4+ Kf7 38. Qf4+ Kg8 39. Rc1
Qxa2 40. Rc8+ Kh7 41. Qe4+ Kh6 42. Rh8+ Kg5 43. Qe5+ Kg6 44. Qh5+ Kf6 45. Rf8+
Ke7 46. Re8+ Kd7 47. Qf7+ Kd6 48. Qe7+ Kc6 49. Rc8+ Kb5 50. Qd7+ Kb4 51. Qd6+
Kb5 52. Qd7+ Kb4 1/2-1/2

[Event "Eric Lawson ben."]
[Site "Montreal CAN"]
[Date "2002.12.21"]
[Round "2"]
[White "Ouellet-Lahaie, Didier"]
[Black "Jorge, Valdir"]
[Result "1-0"]
[WhiteElo "1399"]
[BlackElo "1558"]
[PlyCount "69"]
[EventDate "2002.12.20"]
[EventType "swiss"]
[EventRounds "4"]
[EventCountry "CAN"]

1. e4 c6 2. d4 d5 3. Nc3 dxe4 4. Nxe4 Bf5 5. Ng3 Bg6 6. Bc4 Nf6 7. Nf3 Nbd7 8.
Bf4 e6 9. Qe2 Bb4+ 10. c3 Ba5 11. Bd6 Nd5 12. O-O N7b6 13. Ba3 Nf4 14. Qe5 Qf6
15. Qc7 Qd8 16. Qxb7 Qd7 17. Qa6 Nxc4 18. Qxc4 Bd3 19. Qa4 Bxf1 20. Ne5 Qd5 21.
Ne4 Qxe4 22. f3 Qd5 23. Rxf1 Ng6 24. Nxc6 Bxc3 25. bxc3 Qd7 26. Qa6 Rc8 27. d5
Nf4 28. Ne5 Qc7 29. Qa4+ Kd8 30. Qxf4 f6 31. Nc6+ Ke8 32. Qa4 Kf7 33. dxe6+
Kxe6 34. Qc4+ Kf5 35. Qg4# 1-0

[Event "Eric Lawson ben."]
[Site "Montreal CAN"]
[Date "2002.12.21"]
[Round "2"]
[White "Panayotov, Ivo"]
[Black "Jorge, Ivan"]
[Result "1-0"]
[WhiteElo "1555"]
[BlackElo "1108"]
[PlyCount "65"]
[EventDate "2002.12.20"]
[EventType "swiss"]
[EventRounds "4"]
[EventCountry "CAN"]

1. e4 e5 2. Nf3 Nf6 3. Nxe5 Qe7 4. Nf3 Nxe4 5. Be2 d6 6. d4 h6 7. O-O Qd8 8. d5
Be7 9. Bd3 Nf6 10. Nc3 b6 11. Re1 O-O 12. Nd4 Re8 13. Qf3 Bf8 14. Rxe8 Nxe8 15.
Qg3 Qf6 16. Be3 g6 17. Re1 h5 18. Ne4 Qh8 19. c3 Nf6 20. Nxf6+ Qxf6 21. Bg5 Qh8
22. Re8 Bd7 23. Rd8 Qe5 24. Qxe5 dxe5 25. Nb5 Bxb5 26. Bxb5 a5 27. Bh6 Kh7 28.
Bxf8 a4 29. Be7 Ra5 30. Bf6 g5 31. Bd3+ e4 32. Bxe4+ Kh6 33. Rh8# 1-0

[Event "Eric Lawson ben."]
[Site "Montreal CAN"]
[Date "2002.12.21"]
[Round "2"]
[White "Parent, Francois"]
[Black "Ramaswamy, Kishor"]
[Result "1-0"]
[WhiteElo "1906"]
[BlackElo "2024"]
[PlyCount "56"]
[EventDate "2002.12.20"]
[EventType "swiss"]
[EventRounds "4"]
[EventCountry "CAN"]

1. d4 d5 2. c4 e6 3. Nc3 Nf6 4. Bg5 Nbd7 5. Nf3 c6 6. a3 Be7 7. e3 O-O 8. Rc1
h6 9. Bxf6 Nxf6 10. Bd3 Bd6 11. O-O Nd7 12. b4 Qe7 13. e4 dxc4 14. Bxc4 a5 15.
e5 Bc7 16. Qb3 b6 17. Rfe1 Bb7 18. Ne4 Rfd8 19. Bd3 Ra7 20. Bb1 axb4 21. axb4
Rda8 22. b5 c5 23. Qc2 g6 24. Nfd2 Bd5 25. Nc3 Bb7 26. d5 exd5 27. e6 fxe6 28.
Qxg6+ Qg7 1-0

[Event "Eric Lawson ben."]
[Site "Montreal CAN"]
[Date "2002.12.21"]
[Round "2"]
[White "Pincince, Jacques"]
[Black "Shili, Maher"]
[Result "0-1"]
[WhiteElo "1496"]
[BlackElo "1750"]
[PlyCount "122"]
[EventDate "2002.12.20"]
[EventType "swiss"]
[EventRounds "4"]
[EventCountry "CAN"]

1. e4 c5 2. Nc3 Nc6 3. g3 Nf6 4. Bg2 g6 5. f4 d6 6. Nf3 Bg7 7. O-O O-O 8. h3 a6
9. Kh2 e5 10. d3 h6 11. Ne2 b5 12. c3 Re8 13. Nfg1 Rb8 14. f5 a5 15. g4 g5 16.
Nf3 d5 17. Ng3 Bb7 18. Nxg5 hxg5 19. Bxg5 Qd6 20. Bh4 d4 21. g5 Kf8 22. gxf6
Bxf6 23. Bxf6 Qxf6 24. Nh5 Qh6 25. f6 Re6 26. Qg4 Qg6 27. Qh4 Ke8 28. Ng7+ Kd7
29. Nxe6 Kxe6 30. Bf3 Qg8 31. Rg1 Qh8 32. Bg4+ Kd6 33. Qxh8 Rxh8 34. Bf5 Rh6
35. Rg7 Rxf6 36. Rh7 dxc3 37. bxc3 b4 38. c4 Nd4 39. Rf1 a4 40. Rg7 b3 41. axb3
axb3 42. Rg2 Bc8 43. Rgf2 Bxf5 44. exf5 e4 45. dxe4 Ke5 46. Re1 Rb6 47. Kg3 Nc2
48. Rb1 Na3 49. Rbb2 Nxc4 50. Rb1 Na3 51. Rbb2 c4 52. Rf3 Nb5 53. f6 Nd6 54.
Re3 Nxe4+ 55. Kf3 Rxf6+ 56. Kg4 Rf4+ 57. Kh5 Kd4 58. Rexb3 cxb3 59. Rxb3 Rf6
60. Rb4+ Ke3 61. Kg4 Rf4+ 0-1

[Event "Eric Lawson ben."]
[Site "Montreal CAN"]
[Date "2002.12.21"]
[Round "2"]
[White "Rivest, Jean-Michel"]
[Black "Rodriguez, Aaron"]
[Result "1-0"]
[WhiteElo "1785"]
[BlackElo "1793"]
[PlyCount "85"]
[EventDate "2002.12.20"]
[EventType "swiss"]
[EventRounds "4"]
[EventCountry "CAN"]

1. e4 g6 2. d4 Bg7 3. Nc3 d6 4. Be3 Nf6 5. f3 O-O 6. Bc4 Nc6 7. Qd2 e5 8. d5
Ne7 9. O-O-O Ne8 10. h4 f5 11. Bh6 f4 12. Bxg7 Nxg7 13. Nge2 a6 14. Rdf1 Nh5
15. Qe1 b5 16. Bb3 Bd7 17. g3 a5 18. a3 Qb8 19. gxf4 exf4 20. Rfg1 h6 21. e5
Bf5 22. Qd2 b4 23. Nb1 a4 24. Bc4 bxa3 25. Nxa3 Qb6 26. Nxf4 Nxf4 27. Qxf4 Rab8
28. Nb5 Qc5 29. exd6 cxd6 30. Nxd6 Bxc2 31. Qe5 Rbd8 32. Qe6+ Kh8 33. Qxe7 Kg8
34. Nf5 Qxe7 35. Nxe7+ Kh7 36. Kxc2 Rxf3 37. Rxg6 Rd7 38. Re6 Rc7 39. Nc6 Rf4
40. Bd3+ Kg8 41. Rg1+ Kf8 42. Rxh6 Rf5 43. Bxf5 1-0

[Event "Eric Lawson ben."]
[Site "Montreal CAN"]
[Date "2002.12.21"]
[Round "2"]
[White "Rodriguez, Herver"]
[Black "Levesque, Claude"]
[Result "1/2-1/2"]
[WhiteElo "1760"]
[BlackElo "1766"]
[PlyCount "54"]
[EventDate "2002.12.20"]
[EventType "swiss"]
[EventRounds "4"]
[EventCountry "CAN"]

1. e4 g6 2. f4 Bg7 3. Nc3 d6 4. Bc4 Nf6 5. e5 dxe5 6. fxe5 Ng4 7. e6 Ne5 8.
exf7+ Nxf7 9. Nf3 Nc6 10. O-O O-O 11. Kh1 Bg4 12. h3 Bxf3 13. Qxf3 Nce5 14. Qe4
Kh8 15. Bxf7 Nxf7 16. Qxb7 Ne5 17. Rxf8+ Qxf8 18. Kg1 c6 19. d3 Rd8 20. Be3 Rb8
21. Qxa7 Rxb2 22. Rb1 Nxd3 23. cxd3 Bxc3 24. Bd4+ e5 25. Bxc3 Rxb1+ 26. Kh2
Qf4+ 27. g3 Rb2+ 1/2-1/2

[Event "Eric Lawson ben."]
[Site "Montreal CAN"]
[Date "2002.12.21"]
[Round "2"]
[White "Rozybakiyev, Rasul"]
[Black "Bedard, Michel"]
[Result "1-0"]
[WhiteElo "1456"]
[BlackElo "1553"]
[PlyCount "87"]
[EventDate "2002.12.20"]
[EventType "swiss"]
[EventRounds "4"]
[EventCountry "CAN"]

1. e4 e5 2. Nf3 Nf6 3. Nxe5 d6 4. Nf3 Nxe4 5. d3 Nf6 6. Nc3 Nc6 7. Bf4 Be7 8.
Be2 Bd7 9. O-O h6 10. Qd2 Bf5 11. d4 Nb4 12. Rac1 Qd7 13. a3 Nbd5 14. Nxd5 Nxd5
15. Bg3 g5 16. c4 Nf6 17. Bd3 Nh5 18. d5 Nxg3 19. fxg3 Bxd3 20. Qxd3 O-O-O 21.
Nd4 Rdf8 22. b4 Qd8 23. Qf5+ Kb8 24. c5 Rhg8 25. c6 b6 26. a4 Rg6 27. a5 Bf6
28. Qd3 Bxd4+ 29. Qxd4 b5 30. a6 Ka8 31. Ra1 f5 32. Qd3 Qf6 33. Ra5 Rgg8 34.
Rxb5 Qe5 35. Qd2 Rb8 36. Rb7 Rxb7 37. axb7+ Kb8 38. Re1 Qh8 39. b5 Re8 40. h3
Re5 41. Kh2 Qe8 42. Ra1 Re2 43. Qd4 Qe3 44. Qh8+ 1-0

[Event "Eric Lawson ben."]
[Site "Montreal CAN"]
[Date "2002.12.21"]
[Round "3"]
[White "Beland, Stephane"]
[Black "Svetlovsky, Nicolas"]
[Result "1-0"]
[WhiteElo "1483"]
[BlackElo "1162"]
[PlyCount "37"]
[EventDate "2002.12.20"]
[EventType "swiss"]
[EventRounds "4"]
[EventCountry "CAN"]

1. e4 d6 2. d4 g6 3. Nc3 Bg7 4. Be3 e6 5. Be2 Ne7 6. Qd2 c6 7. O-O-O O-O 8. Bh6
d5 9. Bxg7 Kxg7 10. Nf3 Nd7 11. h4 b5 12. e5 Nf5 13. g4 Nh6 14. Ng5 f6 15.
Nxe6+ Kh8 16. Nxd8 Rxd8 17. Qxh6 Rf8 18. e6 Ne5 19. Qxf8# 1-0

[Event "Eric Lawson ben."]
[Site "Montreal CAN"]
[Date "2002.12.21"]
[Round "3"]
[White "Belanger, Martin"]
[Black "Marcotte, Daniel"]
[Result "1-0"]
[WhiteElo "1361"]
[BlackElo "923"]
[PlyCount "59"]
[EventDate "2002.12.20"]
[EventType "swiss"]
[EventRounds "4"]
[EventCountry "CAN"]

1. e4 e5 2. Nf3 Nc6 3. Bc4 Nf6 4. Nc3 Na5 5. Qe2 d6 6. h3 c6 7. O-O Nxc4 8.
Qxc4 Be6 9. Qe2 d5 10. exd5 cxd5 11. Qxe5 Bd6 12. Qd4 Qd7 13. Ng5 O-O 14. Nxe6
fxe6 15. d3 Rfe8 16. Bg5 e5 17. Qh4 Rf8 18. Bxf6 Rxf6 19. Nxd5 Rh6 20. Qe4 Rf8
21. Rae1 Qf7 22. b3 Bc5 23. Re2 Rd6 24. Ne3 Rd4 25. Qxe5 Re8 26. Qxc5 Rf4 27.
Rfe1 Rf8 28. Qd5 Qxd5 29. Nxd5 R4f5 30. Ne7+ 1-0

[Event "Eric Lawson ben."]
[Site "Montreal CAN"]
[Date "2002.12.21"]
[Round "3"]
[White "Desgroseilliers, Roland"]
[Black "Panayotov, Ivo"]
[Result "0-1"]
[WhiteElo "1379"]
[BlackElo "1555"]
[PlyCount "30"]
[EventDate "2002.12.20"]
[EventType "swiss"]
[EventRounds "4"]
[EventCountry "CAN"]

1. d4 d5 2. c4 e6 3. c5 b6 4. b4 a5 5. Bd2 axb4 6. Bxb4 bxc5 7. dxc5 Na6 8.
Qa4+ Bd7 9. Qb3 Nxc5 10. Qe3 Nd3+ 11. exd3 Bxb4+ 12. Ke2 Ne7 13. g3 Nf5 14. Qc1
Nd4+ 15. Kd1 Ba4+ 0-1

[Event "Eric Lawson ben."]
[Site "Montreal CAN"]
[Date "2002.12.21"]
[Round "3"]
[White "Dominique, Vladimir"]
[Black "Laframboise, Marc-Andre"]
[Result "0-1"]
[WhiteElo "1832"]
[BlackElo "2110"]
[PlyCount "72"]
[EventDate "2002.12.20"]
[EventType "swiss"]
[EventRounds "4"]
[EventCountry "CAN"]

1. e4 g6 2. d4 Bg7 3. Nf3 d6 4. Be2 c6 5. O-O e6 6. Nc3 Ne7 7. Bg5 f6 8. Be3
O-O 9. Qd2 Nd7 10. Rad1 d5 11. exd5 exd5 12. Bh6 Re8 13. Bxg7 Kxg7 14. Bd3 Nf8
15. h3 Bf5 16. Rfe1 Qd7 17. Nh4 Bxd3 18. Qxd3 g5 19. Nf3 Nfg6 20. Re3 Nf4 21.
Qf1 Nf5 22. Rxe8 Rxe8 23. g3 Ng6 24. Kh2 h5 25. Re1 Rxe1 26. Qxe1 g4 27. hxg4
hxg4 28. Ng1 Nxd4 29. Qd1 c5 30. f3 Ne5 31. Kg2 gxf3+ 32. Nxf3 Nexf3 33. Ne2
Qg4 34. Kf2 Ng5 35. Ke1 Ne4 36. c3 Qf3 0-1

[Event "Eric Lawson ben."]
[Site "Montreal CAN"]
[Date "2002.12.21"]
[Round "3"]
[White "Dufour, Patrick"]
[Black "Lawson, Jonathan"]
[Result "1/2-1/2"]
[WhiteElo "1152"]
[BlackElo "1741"]
[PlyCount "89"]
[EventDate "2002.12.20"]
[EventType "swiss"]
[EventRounds "4"]
[EventCountry "CAN"]

1. e4 e5 2. Nf3 Nc6 3. Bb5 Bc5 4. c3 f5 5. exf5 e4 6. Qe2 Qe7 7. Ng1 Nf6 8. d4
exd3 9. Qxe7+ Nxe7 10. Nf3 c6 11. Bxd3 d5 12. Nbd2 Nxf5 13. O-O O-O 14. Nb3 Bb6
15. h3 Ng3 16. Re1 Nge4 17. Be3 c5 18. Nbd2 Nxd2 19. Nxd2 Bd7 20. f3 Rfe8 21.
Bf2 Bc6 22. Kf1 Kf7 23. Rxe8 Rxe8 24. Re1 Rxe1+ 25. Kxe1 Ke6 26. Nf1 d4 27.
cxd4 cxd4 28. Ke2 Nd5 29. Bg3 h6 30. a3 g5 31. Bc4 Kf5 32. Bd3+ Kf6 33. Bc4
Nf4+ 34. Bxf4 gxf4 35. Kd3 Ke5 36. b3 a6 37. Bf7 Bc5 38. a4 b5 39. axb5 axb5
40. Nh2 Kf6 41. Bg8 Kg7 42. Be6 Kf6 43. Bg8 Kg7 44. Be6 Kf6 45. Bg8 1/2-1/2

[Event "Eric Lawson ben."]
[Site "Montreal CAN"]
[Date "2002.12.21"]
[Round "3"]
[White "Jorge, Ivan"]
[Black "Pincince, Jacques"]
[Result "1/2-1/2"]
[WhiteElo "1108"]
[BlackElo "1496"]
[PlyCount "63"]
[EventDate "2002.12.20"]
[EventType "swiss"]
[EventRounds "4"]
[EventCountry "CAN"]

1. d4 d5 2. Nc3 c6 3. h3 Nf6 4. Nf3 Bf5 5. Bf4 e6 6. e3 Bb4 7. Nd2 Bxc3 8. bxc3
O-O 9. Bd3 Ne4 10. Nxe4 dxe4 11. Be2 Qa5 12. Qd2 Rd8 13. O-O Nd7 14. Rfd1 Nb6
15. Bc7 Rd7 16. Bxb6 Qxb6 17. c4 Rad8 18. Rab1 Qc7 19. c3 Qd6 20. Qb2 Qe7 21.
Bf1 Qg5 22. g3 h5 23. h4 Qh6 24. Kh2 Kh8 25. Bh3 Bg4 26. Bxg4 hxg4 27. Rh1 Qf6
28. Qe2 Qg6 29. Kg2 f5 30. h5 Qh6 31. Rh4 b6 32. Rd1 1/2-1/2

[Event "Eric Lawson ben."]
[Site "Montreal CAN"]
[Date "2002.12.21"]
[Round "3"]
[White "Jorge, Valdir"]
[Black "Asselin, John"]
[Result "0-1"]
[WhiteElo "1558"]
[BlackElo "1233"]
[PlyCount "66"]
[EventDate "2002.12.20"]
[EventType "swiss"]
[EventRounds "4"]
[EventCountry "CAN"]

1. d4 Nf6 2. c4 g6 3. Nc3 Bg7 4. Nf3 O-O 5. e4 d6 6. Be2 Nbd7 7. O-O c5 8. d5
Ne8 9. Bd2 a6 10. Rc1 Nc7 11. b3 b5 12. cxb5 axb5 13. Nxb5 Nxb5 14. Bxb5 Rxa2
15. Bc3 Bxc3 16. Rxc3 Qa5 17. Qd3 Rb2 18. Bc4 Nb8 19. Rcc1 Ba6 20. Bxa6 Qxa6
21. Qc3 Qa2 22. Ra1 Qxb3 23. Qxb3 Rxb3 24. Nd2 Rb7 25. Nc4 Nd7 26. Na5 Rc7 27.
Rfc1 Ne5 28. Nc4 Nxc4 29. Rxc4 Rb7 30. Rac1 Rfb8 31. f4 Rb2 32. e5 Rd2 33. exd6
exd6 0-1

[Event "Eric Lawson ben."]
[Site "Montreal CAN"]
[Date "2002.12.21"]
[Round "3"]
[White "Krayushkin, Victor"]
[Black "Parent, Francois"]
[Result "1-0"]
[WhiteElo "2109"]
[BlackElo "1906"]
[PlyCount "65"]
[EventDate "2002.12.20"]
[EventType "swiss"]
[EventRounds "4"]
[EventCountry "CAN"]

1. c4 c5 2. Nc3 Nc6 3. g3 g6 4. Bg2 Bg7 5. d3 d6 6. Nf3 h6 7. O-O e6 8. Rb1
Nge7 9. Bd2 O-O 10. a3 Bd7 11. b4 cxb4 12. axb4 Rb8 13. b5 Ne5 14. Nxe5 Bxe5
15. Qc1 g5 16. f4 Bd4+ 17. Kh1 g4 18. e3 Bg7 19. Qa3 Qb6 20. Ne4 Nf5 21. Rfe1
Qc7 22. Bb4 Rfd8 23. Nxd6 a5 24. bxa6 Bc6 25. Nxb7 Bxg2+ 26. Kxg2 Nxe3+ 27.
Rxe3 Qc6+ 28. Re4 f5 29. Nxd8 Rxd8 30. Rbe1 Ra8 31. a7 Bd4 32. Qa5 Rxa7 33.
Qd8+ 1-0

[Event "Eric Lawson ben."]
[Site "Montreal CAN"]
[Date "2002.12.21"]
[Round "3"]
[White "Lawson, Bianca"]
[Black "Demers, Martin"]
[Result "0-1"]
[WhiteElo "966"]
[BlackElo "1284"]
[PlyCount "106"]
[EventDate "2002.12.20"]
[EventType "swiss"]
[EventRounds "4"]
[EventCountry "CAN"]

1. e4 e5 2. Nf3 Nf6 3. Nc3 Nc6 4. Bb5 Bb4 5. a3 Bxc3 6. dxc3 d6 7. Bg5 O-O 8.
O-O a6 9. Bc4 Be6 10. Bd5 Rb8 11. c4 Na7 12. Qd2 c6 13. Bxe6 fxe6 14. Rad1 Nxe4
15. Qe3 Nxg5 16. Nxg5 Qe7 17. Nf3 c5 18. Rd2 Nc6 19. Qe4 Rf4 20. Qe2 e4 21. Ne1
Nd4 22. Qd1 Rbf8 23. Rxd4 cxd4 24. Qxd4 Qf7 25. Qd2 e3 26. Qxe3 e5 27. g3 Rxc4
28. b3 Rc6 29. c4 Rc5 30. Nd3 Rc7 31. f4 exf4 32. Rxf4 Re7 33. Qf3 Qe8 34. Qd5+
Kh8 35. Qxd6 Rxf4 36. Nxf4 Re1+ 37. Kf2 Rc1 38. Qd3 Qe1+ 39. Kg2 Qg1+ 40. Kh3
Qf1+ 41. Kh4 Qxd3 42. Nxd3 Rc3 43. Nc5 b5 44. Nxa6 bxc4 45. bxc4 Rxc4+ 46. g4
Ra4 47. Nc5 Rxa3 48. Ne6 Kg8 49. Ng5 h6 50. Ne6 Kf7 51. Nd8+ Kf6 52. Nc6 g5+
53. Kh5 Rh3# 0-1

[Event "Eric Lawson ben."]
[Site "Montreal CAN"]
[Date "2002.12.21"]
[Round "3"]
[White "Lefebvre, Gabriel"]
[Black "Rozybakiyev, Rasul"]
[Result "0-1"]
[WhiteElo "1407"]
[BlackElo "1456"]
[PlyCount "52"]
[EventDate "2002.12.20"]
[EventType "swiss"]
[EventRounds "4"]
[EventCountry "CAN"]

1. e4 c5 2. Nf3 d6 3. d4 cxd4 4. Nxd4 Nf6 5. Nc3 g6 6. Be3 Bg7 7. f3 Nc6 8. Qd2
Bd7 9. Bc4 Rc8 10. Nb3 a6 11. h4 O-O 12. O-O-O Ne5 13. g4 h5 14. gxh5 Nxh5 15.
Bh6 b5 16. Bxg7 Kxg7 17. Ne2 Rh8 18. Nf4 Ng3 19. Rhg1 Nh5 20. Nxh5+ Rxh5 21.
Qh2 e6 22. f4 Rxh4 23. Qg3 Rg4 24. Qf2 Rxg1 25. Rxg1 Nd3+ 26. Kd2 Nxf2 0-1

[Event "Eric Lawson ben."]
[Site "Montreal CAN"]
[Date "2002.12.21"]
[Round "3"]
[White "Ramaswamy, Kishor"]
[Black "Gauthier, Denis"]
[Result "0-1"]
[WhiteElo "2024"]
[BlackElo "2043"]
[PlyCount "72"]
[EventDate "2002.12.20"]
[EventType "swiss"]
[EventRounds "4"]
[EventCountry "CAN"]

1. d4 Nf6 2. Nf3 e6 3. Bg5 h6 4. Bh4 g5 5. Bg3 Ne4 6. Nbd2 Nxg3 7. hxg3 Bg7 8.
c3 d6 9. e3 Qe7 10. Bd3 Bd7 11. O-O Nc6 12. Re1 O-O-O 13. b4 Rdg8 14. b5 Nd8
15. a4 g4 16. Nh2 h5 17. a5 Kb8 18. Rc1 h4 19. gxh4 Qxh4 20. Ndf1 e5 21. b6
cxb6 22. axb6 a6 23. g3 Qg5 24. Be4 f5 25. Bd5 Rf8 26. c4 f4 27. exf4 exf4 28.
Re4 fxg3 29. fxg3 Re8 30. Rxe8 Rxe8 31. Rc3 Nc6 32. Bxc6 Bxc6 33. Rd3 Bd7 34.
Rd2 Re4 35. c5 Bxd4+ 36. Rxd4 Qxc5 0-1

[Event "Eric Lawson ben."]
[Site "Montreal CAN"]
[Date "2002.12.21"]
[Round "3"]
[White "Rivest, Jean-Michel"]
[Black "Duplessis, Jean-Roch"]
[Result "1-0"]
[WhiteElo "1785"]
[BlackElo "1734"]
[PlyCount "41"]
[EventDate "2002.12.20"]
[EventType "swiss"]
[EventRounds "4"]
[EventCountry "CAN"]

1. e4 c5 2. Nf3 Nc6 3. d4 cxd4 4. Nxd4 Nf6 5. Nc3 d6 6. Bg5 e5 7. Nf3 Be7 8.
Bc4 O-O 9. Bxf6 Bxf6 10. Nd5 Bg4 11. h3 Be6 12. Qd2 Rc8 13. Bb3 a5 14. c3 Bxd5
15. Qxd5 Qd7 16. Rd1 Be7 17. O-O Kh8 18. Nd2 Rcd8 19. Nc4 Qe6 20. Qb5 Qg6 21.
Qxb7 1-0

[Event "Eric Lawson ben."]
[Site "Montreal CAN"]
[Date "2002.12.21"]
[Round "3"]
[White "Rodriguez, Aaron"]
[Black "Levesque, Claude"]
[Result "1/2-1/2"]
[WhiteElo "1793"]
[BlackElo "1766"]
[PlyCount "69"]
[EventDate "2002.12.20"]
[EventType "swiss"]
[EventRounds "4"]
[EventCountry "CAN"]

1. e4 g6 2. d4 Bg7 3. Nc3 d6 4. Be3 c6 5. f3 Nd7 6. Nge2 h5 7. Qd2 a5 8. O-O-O
Qc7 9. d5 a4 10. Nd4 Ngf6 11. Be2 Ne5 12. h3 Ned7 13. g4 Nc5 14. Rdg1 e5 15.
dxe6 Nxe6 16. gxh5 Nxh5 17. f4 Nexf4 18. Bxh5 Nxh5 19. Nf3 b5 20. Bd4 Bh6 21.
Be3 Bg7 22. Bd4 Bh6 23. Be3 Bxe3 24. Qxe3 b4 25. Ne2 Be6 26. e5 dxe5 27. Nxe5
O-O-O 28. Nxg6 Rhg8 29. Nef4 Nxf4 30. Nxf4 Rxg1+ 31. Rxg1 Bxa2 32. h4 Qd6 33.
Nd3 b3 34. Qa7 bxc2 35. Qa6+ 1/2-1/2

[Event "Eric Lawson ben."]
[Site "Montreal CAN"]
[Date "2002.12.21"]
[Round "3"]
[White "Shili, Maher"]
[Black "Ouellet-Lahaie, Didier"]
[Result "1-0"]
[WhiteElo "1750"]
[BlackElo "1399"]
[PlyCount "63"]
[EventDate "2002.12.20"]
[EventType "swiss"]
[EventRounds "4"]
[EventCountry "CAN"]

1. d4 Nf6 2. Nf3 e6 3. Bg5 b6 4. e4 h6 5. Bxf6 Qxf6 6. e5 Qd8 7. Be2 Bb7 8. O-O
c5 9. Nc3 d5 10. Bb5+ Bc6 11. a3 Bxb5 12. Nxb5 a6 13. Nc3 Nc6 14. Ne2 b5 15. c3
Be7 16. Nd2 Qb6 17. Nb3 O-O 18. f4 Rfc8 19. Kh1 a5 20. f5 a4 21. Nbc1 cxd4 22.
f6 dxc3 23. Nxc3 Nxe5 24. fxe7 Nc4 25. Qf3 f6 26. N1e2 Ra7 27. Nxd5 exd5 28.
Qxd5+ Kh8 29. Qf7 Qc6 30. Rad1 Re8 31. Rd8 Nd6 32. Rxd6 1-0

[Event "Eric Lawson ben."]
[Site "Montreal CAN"]
[Date "2002.12.22"]
[Round "4"]
[White "Asselin, John"]
[Black "Rozybakiyev, Rasul"]
[Result "1-0"]
[WhiteElo "1233"]
[BlackElo "1456"]
[PlyCount "137"]
[EventDate "2002.12.20"]
[EventType "swiss"]
[EventRounds "4"]
[EventCountry "CAN"]

1. e4 c5 2. Nf3 d6 3. d4 cxd4 4. Nxd4 Nf6 5. Nc3 g6 6. f3 Bg7 7. Be3 Nc6 8. Qd2
Bd7 9. O-O-O Rc8 10. Be2 Ne5 11. Bh6 O-O 12. g4 Qa5 13. Bxg7 Kxg7 14. h4 h5 15.
gxh5 Nxh5 16. f4 Ng4 17. Rhg1 Ngf6 18. f5 Qe5 19. Qg5 Qf4+ 20. Kb1 Rh8 21. Bxh5
Qxg5 22. hxg5 Nxh5 23. Nd5 e6 24. f6+ Kh7 25. Ne7 Rc7 26. Ne2 Bc6 27. Ng3 Re8
28. Rh1 Rexe7 29. fxe7 Kg7 30. Nxh5+ gxh5 31. Rxd6 Rxe7 32. Rxh5 Bxe4 33. Rd8
Rc7 34. Rh2 Rc5 35. b3 Rxg5 36. Rd7 Kg6 37. Rh8 Kg7 38. Rc8 Rd5 39. Re7 Rg5 40.
Rcc7 Rf5 41. Rxe6 Bd5 42. Re1 Kf6 43. Kc1 Rf2 44. Rd1 Be4 45. Rd2 Rf1+ 46. Kb2
Kg5 47. Re7 f5 48. Kc3 Kf4 49. Kd4 Kf3 50. c4 Re1 51. b4 Re3 52. b5 f4 53. a4
Re1 54. c5 Re3 55. a5 a6 56. bxa6 bxa6 57. c6 Ra3 58. Rxe4 Ra4+ 59. Kc5 Rxe4
60. Kb6 Re6 61. Kb7 Ke3 62. Rb2 f3 63. c7 Re7 64. Kb8 f2 65. Rxf2 Kxf2 66. c8=Q
Re3 67. Qc5 Ke2 68. Ka7 Rd3 69. Kxa6 1-0